[Event "LSV Turm Lippstadt 1 - Kölner SK Dr. L"]
[Site "NRW-Liga - Gruppe 2 2019/2020"]
[Date "2020.02.16"]
[Round "6.5"]
[White "Lindam, Ingo"]
[Black "Grobbel, Rainer"]
[Result "1-0"]
[WhiteElo "2169"]
[BlackElo "2116"]
[PlyCount "135"]
[EventDate "2020.??.??"]
[SourceVersionDate "2020.03.16"]
[WhiteTeam "Kölner SK Dr. Lasker 1"]
[BlackTeam "LSV Turm Lippstadt 1"]

1. d4 Nf6 2. Bg5 d5 3. Nd2 Nbd7 4. Ngf3 e6 5. e3 Be7 6. Bd3 h6 7. Bf4 c5 8. c3
O-O 9. h4 Ng4 10. Ng5 e5 11. dxe5 Ndxe5 12. Bh7+ Kh8 13. Ndf3 f6 14. Qc2 c4 15.
Rd1 Nd3+ 16. Rxd3 cxd3 17. Qxd3 fxg5 18. hxg5 a5 19. gxh6 g5 20. Qg6 Rg8 21.
Bxg8 Qxg8 22. Qxg8+ Kxg8 23. h7+ Kh8 24. Be5+ Bf6 25. Bxf6+ Nxf6 26. Nxg5 Bf5
27. Nf7+ Kg7 28. h8=Q+ Rxh8 29. Rxh8 Kxf7 30. Rb8 Bb1 31. Rxb7+ Ke6 32. Ra7
Bxa2 33. Rxa5 Bc4 34. f3 Nd7 35. e4 dxe4 36. fxe4 Bd3 37. Kf2 Bxe4 38. g4 Ne5
39. Kg3 Bd3 40. Kf4 Ng6+ 41. Ke3 Bc4 42. Rc5 Bd5 43. c4 Bg2 44. Kd4 Kd6 45. Rf5
Ke6 46. Ra5 Ne7 47. Ra6+ Kd7 48. Kc5 Nc6 49. b4 Ne5 50. Rd6+ Kc7 51. Rd4 Nd7+
52. Kb5 Bc6+ 53. Ka5 Ne5 54. b5 Bf3 55. g5 Bg2 56. c5 Bf1 57. Rh4 Bd3 58. Rh6
Bg6 59. c6 Nc4+ 60. Kb4 Ne5 61. Kc5 Nd3+ 62. Kd4 Nf4 63. Ke5 Nd3+ 64. Kf6 Be4
65. g6 Kb6 66. g7 Bd5 67. Ke7 Nb4 68. Kd8 1-0

[Event "LSV Turm Lippstadt 1 - Kölner SK Dr. L"]
[Site "NRW-Liga - Gruppe 2 2019/2020"]
[Date "2020.02.16"]
[Round "6.6"]
[White "Niediek, Cedric"]
[Black "Cramer, Volker"]
[Result "1/2-1/2"]
[WhiteElo "2058"]
[BlackElo "2119"]
[PlyCount "44"]
[EventDate "2020.??.??"]
[SourceVersionDate "2020.03.16"]
[WhiteTeam "LSV Turm Lippstadt 1"]
[BlackTeam "Kölner SK Dr. Lasker 1"]

1. e4 e6 2. d3 d5 3. Nd2 Nf6 4. g3 dxe4 5. dxe4 e5 6. Bg2 Bc5 7. Ngf3 Nc6 8.
O-O O-O 9. c3 a5 10. Qc2 Qe7 11. Nh4 Be6 12. Nf5 Qd7 13. Nb3 Bxb3 14. axb3 Rfd8
15. Bg5 Qd3 16. Qxd3 Rxd3 17. b4 Bf8 18. b5 Nd8 19. Bxf6 gxf6 20. Rfd1 Rxd1+
21. Rxd1 Ne6 22. Kf1 Rd8 1/2-1/2

[Event "LSV Turm Lippstadt 1 - Kölner SK Dr. L"]
[Site "NRW-Liga - Gruppe 2 2019/2020"]
[Date "2020.02.16"]
[Round "6.7"]
[White "Loseries, Uwe"]
[Black "Hagedorn, Alfons"]
[Result "1-0"]
[WhiteElo "2095"]
[BlackElo "1868"]
[PlyCount "97"]
[EventDate "2020.??.??"]
[SourceVersionDate "2020.03.16"]
[WhiteTeam "Kölner SK Dr. Lasker 1"]
[BlackTeam "LSV Turm Lippstadt 1"]

1. d4 d5 2. c4 Bf5 3. cxd5 Bxb1 4. Qa4+ c6 5. Rxb1 Qxd5 6. Nf3 Nd7 7. b4 Nb6 8.
Qc2 Nf6 9. e3 e6 10. Bd3 Be7 11. O-O O-O 12. Bd2 Qh5 13. h3 Rac8 14. Rfc1 h6
15. e4 g5 16. Ne5 Nfd7 17. Nxd7 Nxd7 18. Be3 Nb6 19. a4 g4 20. hxg4 Qxg4 21.
Bxh6 Rfd8 22. Be3 f6 23. a5 Nd7 24. Bc4 Kf7 25. f3 Qg3 26. Qa2 Qd6 27. f4 Rh8
28. e5 fxe5 29. dxe5 Nxe5 30. fxe5 Qxe5 31. Qf2+ Ke8 32. Qf4 Qh5 33. Bxe6 Rd8
34. Bh3 Rg8 35. Qf5 Rd5 36. Qxh5+ Rxh5 37. Kh1 a6 38. Bc5 Bh4 39. Rf1 Bg3 40.
Rf3 Re5 41. Rbf1 Kd8 42. Rf8+ Re8 43. Bb6+ Ke7 44. R8f7+ Kd6 45. Rd7+ Ke5 46.
Bc7+ Ke4 47. Bf5+ Ke3 48. Rf3+ Ke2 49. Bxg3 1-0

[Event "LSV Turm Lippstadt 1 - Kölner SK Dr. L"]
[Site "NRW-Liga - Gruppe 2 2019/2020"]
[Date "2020.02.16"]
[Round "6.8"]
[White "Schulte, Tobias"]
[Black "Strohmeyer, Jochen"]
[Result "0-1"]
[WhiteElo "1735"]
[BlackElo "2145"]
[PlyCount "82"]
[EventDate "2020.??.??"]
[SourceVersionDate "2020.03.16"]
[WhiteTeam "LSV Turm Lippstadt 1"]
[BlackTeam "Kölner SK Dr. Lasker 1"]

1. d4 Nf6 2. Bg5 Ne4 3. Bf4 d5 4. e3 e6 5. Bd3 Nf6 6. Nf3 c5 7. c3 Nc6 8. Nbd2
a6 9. Ne5 Nxe5 10. dxe5 Nd7 11. Bg3 Qb6 12. Rb1 h5 13. f4 c4 14. Be2 Qxe3 15.
Nf1 Qe4 16. Nd2 Qe3 17. Bf2 Qxf4 18. O-O Qxe5 19. Nf3 Qc7 20. Ng5 Nf6 21. Bg3
Bd6 22. Bxd6 Qxd6 23. b3 cxb3 24. Rxb3 Qe5 25. Nf3 Qe3+ 26. Kh1 Ng4 27. Qe1 b5
28. c4 Qe4 29. cxd5 O-O 30. h3 Ne3 31. Rg1 Nxd5 32. Ng5 Qe5 33. Nf3 Qf4 34. Rf1
Ne3 35. Rf2 Bb7 36. Qd2 Nd5 37. Qe1 Rac8 38. Nd2 Rc1 39. Qxc1 Qxf2 40. Bf3 Rc8
41. Qb2 h4 0-1

[Event "SF Brackel 1 - SVG Alsdorf 1"]
[Site "NRW-Liga - Gruppe 2 2019/2020"]
[Date "2020.02.16"]
[Round "6.1"]
[White "Abolianin, Arthur"]
[Black "Luft, Dennis"]
[Result "1/2-1/2"]
[WhiteElo "2265"]
[BlackElo "2254"]
[PlyCount "95"]
[EventDate "2020.??.??"]
[SourceVersionDate "2020.03.16"]
[WhiteTeam "SVG Alsdorf 1"]
[BlackTeam "SF Brackel 1"]

1. c4 e6 2. Nf3 d5 3. g3 Nf6 4. Bg2 Be7 5. O-O O-O 6. b3 c5 7. Bb2 Nc6 8. e3 b6
9. d3 Bb7 10. Qe2 Qc7 11. Nc3 Rac8 12. e4 dxe4 13. dxe4 Nd7 14. Rfe1 a6 15. e5
Nd4 16. Nxd4 cxd4 17. Ne4 Bxe4 18. Qxe4 Nc5 19. Qxd4 Rfd8 20. Qc3 Nd3 21. Red1
Bb4 22. Qc2 Nxb2 23. Qxb2 Rxd1+ 24. Rxd1 Rd8 25. Bf3 Rxd1+ 26. Bxd1 Qd7 27. Qe2
Qd2 28. Kg2 Qxe2 29. Bxe2 a5 30. f4 Kf8 31. Kf3 Bc5 32. Ke4 Bb4 33. g4 Ke7 34.
f5 h6 35. h4 Be1 36. h5 Bb4 37. Bf1 Ba3 38. Bh3 Bb4 39. Bf1 Ba3 40. Be2 Bb4 41.
Bf3 Ba3 42. Bg2 Bb4 43. Kd3 Ba3 44. Bb7 Bb4 45. Bc8 Ba3 46. Ke4 Bb4 47. Kd3 Ba3
48. Ke4 1/2-1/2

[Event "SF Brackel 1 - SVG Alsdorf 1"]
[Site "NRW-Liga - Gruppe 2 2019/2020"]
[Date "2020.02.16"]
[Round "6.2"]
[White "Fluechter, Gregor"]
[Black "Draftian, Ashote"]
[Result "1-0"]
[WhiteElo "2192"]
[BlackElo "2236"]
[PlyCount "63"]
[EventDate "2020.??.??"]
[SourceVersionDate "2020.03.16"]
[WhiteTeam "SF Brackel 1"]
[BlackTeam "SVG Alsdorf 1"]

1. e4 c5 2. f4 e6 3. Nf3 a6 4. c4 d5 5. exd5 exd5 6. cxd5 Nf6 7. Nc3 Be7 8. Qb3
b5 9. a4 c4 10. Qc2 b4 11. Nd1 O-O 12. Bxc4 Nxd5 13. Ne3 Nxf4 14. Qe4 Qc7 15.
Ne5 Ng6 16. Nxg6 hxg6 17. Nd5 Bh4+ 18. Qxh4 Re8+ 19. Ne3 g5 20. Qd4 Nc6 21. Qc5
Re5 22. Bd5 Bb7 23. O-O Rd8 24. d4 Rexd5 25. Nxd5 Qd7 26. Bxg5 Rc8 27. Nb6 Qg4
28. Nxc8 Nxd4 29. Ne7+ Kh8 30. Rf2 Nf3+ 31. Rxf3 Bxf3 32. Qc8+ 1-0

[Event "SF Brackel 1 - SVG Alsdorf 1"]
[Site "NRW-Liga - Gruppe 2 2019/2020"]
[Date "2020.02.16"]
[Round "6.3"]
[White "Deleyn, Gunter"]
[Black "Knudsen, Simon"]
[Result "1-0"]
[WhiteElo "2166"]
[BlackElo "2170"]
[PlyCount "43"]
[EventDate "2020.??.??"]
[SourceVersionDate "2020.03.16"]
[WhiteTeam "SVG Alsdorf 1"]
[BlackTeam "SF Brackel 1"]

1. g3 g6 2. Bg2 Bg7 3. c4 Nf6 4. Nc3 O-O 5. e3 c6 6. d4 d5 7. cxd5 cxd5 8. Nge2
Nc6 9. Nf4 e6 10. O-O b6 11. Nd3 Ba6 12. Re1 Qe7 13. Bf1 Rfc8 14. Bd2 Ne8 15.
Qb1 Nd6 16. b3 Rc7 17. Rc1 Rac8 18. Qb2 Nxd4 19. exd4 Bxd4 20. Nxd5 Bxb2 21.
Nxe7+ Rxe7 22. Rxc8+ 1-0

[Event "SF Brackel 1 - SVG Alsdorf 1"]
[Site "NRW-Liga - Gruppe 2 2019/2020"]
[Date "2020.02.16"]
[Round "6.4"]
[White "Steinmetzer, Thomas"]
[Black "Minyeyevtsev, Semen"]
[Result "1/2-1/2"]
[WhiteElo "2192"]
[BlackElo "2149"]
[Annotator "Daniel"]
[PlyCount "69"]
[EventDate "2020.??.??"]
[SourceVersionDate "2020.03.16"]
[WhiteTeam "SF Brackel 1"]
[BlackTeam "SVG Alsdorf 1"]

1. e4 e6 2. d4 d5 3. Nc3 dxe4 4. Nxe4 Nd7 5. Nf3 Ngf6 6. Bg5 Be7 7. Bxf6 Nxf6
8. Bd3 Nxe4 9. Bxe4 O-O 10. Qe2 c5 11. O-O-O Qb6 12. Ne5 f5 13. Bd3 cxd4 14. g4
fxg4 15. Qe4 Rf5 16. Nxg4 Bd7 17. Rhg1 Bg5+ 18. Kb1 Re8 19. Ne5 Bb5 20. h4 Bf6
21. Ng4 Bxd3 22. Rxd3 Kh8 23. Nxf6 Rxf6 24. Rb3 Qc6 25. Qxd4 b6 26. Rbg3 e5 27.
Qe3 Rf7 28. Rg5 Qf6 $11 29. Re1 Qxf2 30. Rxe5 Rxe5 31. Qxe5 h6 32. h5 Rf5 33.
Qe8+ Rf8 34. Qe5 Rf5 35. Qe8+ 1/2-1/2

[Event "SF Brackel 1 - SVG Alsdorf 1"]
[Site "NRW-Liga - Gruppe 2 2019/2020"]
[Date "2020.02.16"]
[Round "6.5"]
[White "Clopes Llahi, Judit"]
[Black "Goldschmidt, Christian"]
[Result "1/2-1/2"]
[WhiteElo "2129"]
[BlackElo "2140"]
[PlyCount "61"]
[EventDate "2020.??.??"]
[SourceVersionDate "2020.03.16"]
[WhiteTeam "SVG Alsdorf 1"]
[BlackTeam "SF Brackel 1"]

1. e4 e5 2. Nf3 Nc6 3. d4 exd4 4. Nxd4 Nf6 5. Nxc6 bxc6 6. e5 Qe7 7. Qe2 Nd5 8.
c4 Ba6 9. b3 g5 10. Bb2 Bg7 11. Nd2 Nb4 12. O-O-O Nxa2+ 13. Kb1 Nb4 14. h4 Kd8
15. hxg5 Qxg5 16. Qe4 Qg6 17. f4 Qxe4+ 18. Nxe4 h6 19. Nc5 Bc8 20. Nxd7 Bxd7
21. e6 Bxb2 22. Rxd7+ Kc8 23. Kxb2 fxe6 24. Re7 Kb7 25. Kc3 a5 26. Rxe6 Rad8
27. Rh3 Na2+ 28. Kc2 Nb4+ 29. Kc3 Na2+ 30. Kc2 Nb4+ 31. Kc3 1/2-1/2

[Event "SF Brackel 1 - SVG Alsdorf 1"]
[Site "NRW-Liga - Gruppe 2 2019/2020"]
[Date "2020.02.16"]
[Round "6.6"]
[White "Korten, Lando"]
[Black "Winkels, Marcel"]
[Result "1-0"]
[WhiteElo "2132"]
[BlackElo "2001"]
[PlyCount "91"]
[EventDate "2020.??.??"]
[SourceVersionDate "2020.03.16"]
[WhiteTeam "SF Brackel 1"]
[BlackTeam "SVG Alsdorf 1"]

1. d4 Nf6 2. c4 g6 3. Nc3 Bg7 4. e4 d6 5. h3 O-O 6. Be3 c5 7. d5 e6 8. Bd3 exd5
9. exd5 Na6 10. Nf3 Nb4 11. Bb1 Bd7 12. O-O Qc7 13. Qd2 Rfe8 14. Re1 Rab8 15.
a3 Na6 16. Bd3 Rbd8 17. Re2 Nb8 18. Rae1 a6 19. Ng5 Bc8 20. Kh2 Nbd7 21. f4 b6
22. g4 h6 23. Nf3 h5 24. Rg1 hxg4 25. hxg4 Nf8 26. f5 N6d7 27. Rge1 Ne5 28. Kg3
Nfd7 29. Rh1 Nxf3 30. Kxf3 Ne5+ 31. Kg3 Nxd3 32. Qxd3 gxf5 33. gxf5 Re5 34. Rh5
Rde8 35. Bh6 Rxe2 36. Nxe2 Qe7 37. Rg5 Qxe2 38. Rxg7+ Kh8 39. Qxe2 Rxe2 40.
Rxf7 Re8 41. Kg4 a5 42. Kg5 Ba6 43. Kg6 Bxc4 44. Rh7+ Kg8 45. Bg7 Re6+ 46. dxe6
1-0

[Event "SF Brackel 1 - SVG Alsdorf 1"]
[Site "NRW-Liga - Gruppe 2 2019/2020"]
[Date "2020.02.16"]
[Round "6.7"]
[White "Schettler, Juergen"]
[Black "Strathoff, Martin"]
[Result "1/2-1/2"]
[WhiteElo "1944"]
[BlackElo "2050"]
[PlyCount "110"]
[EventDate "2020.??.??"]
[SourceVersionDate "2020.03.16"]
[WhiteTeam "SVG Alsdorf 1"]
[BlackTeam "SF Brackel 1"]

1. Nf3 d5 2. g3 Nf6 3. Bg2 e6 4. O-O Be7 5. d4 O-O 6. c4 c6 7. Qc2 Ne4 8. Nbd2
f5 9. Ne5 Nd7 10. Nd3 Bf6 11. e3 Qe8 12. f3 Nxd2 13. Bxd2 b6 14. Rfe1 Bb7 15.
cxd5 exd5 16. Qb3 Ba6 17. Rac1 Rc8 18. Kh1 Bc4 19. Qc2 Qf7 20. b3 Ba6 21. Nb4
Bb7 22. Qxf5 g6 23. Qd3 c5 24. Nc2 c4 25. bxc4 dxc4 26. Qa3 Bxf3 27. e4 Bxg2+
28. Kxg2 Bxd4 29. Rf1 Qg7 30. Qxa7 Bc5 31. Qb7 Nf6 32. Qxg7+ Kxg7 33. Bc3 Be7
34. Rb1 Rb8 35. Nd4 Nxe4 36. Nf5+ Kf7 37. Nd6+ Ke6 38. Nxe4 Rxf1 39. Kxf1 Kd5
40. Nf2 b5 41. Re1 b4 42. Re5+ Kc6 43. Bd4 Bd6 44. Re2 Kd5 45. Bf6 c3 46. Ke1
Rf8 47. Ne4 Bc7 48. a3 c2 49. Kd2 Re8 50. Kxc2 Rxe4 51. Rxe4 Kxe4 52. axb4 Kf3
53. Bd4 Kg2 54. b5 Kxh2 55. g4 h5 1/2-1/2

[Event "SF Brackel 1 - SVG Alsdorf 1"]
[Site "NRW-Liga - Gruppe 2 2019/2020"]
[Date "2020.02.16"]
[Round "6.8"]
[White "Reisberg, Andre"]
[Black "Krug, Franz-Dieter"]
[Result "1-0"]
[WhiteElo "2019"]
[BlackElo "1416"]
[PlyCount "49"]
[EventDate "2020.??.??"]
[SourceVersionDate "2020.03.16"]
[WhiteTeam "SF Brackel 1"]
[BlackTeam "SVG Alsdorf 1"]

1. d4 d5 2. c4 Nf6 3. cxd5 Nxd5 4. e4 Nb6 5. Nc3 c6 6. h3 e6 7. Nf3 Be7 8. Be2
O-O 9. O-O Kh8 10. Qc2 f5 11. Bd3 Qe8 12. exf5 exf5 13. Re1 Qd8 14. Bf4 Bb4 15.
Bg5 Qc7 16. a3 Bd6 17. Rac1 h6 18. Bd2 Bf4 19. Nh4 Bxd2 20. Ng6+ Kg8 21. Qxd2
Rf6 22. Re8+ Kh7 23. Nf8+ Rxf8 24. Rxf8 Bd7 25. Nb5 1-0

[Event "SF Gerresheim 1 - SF Lieme 1"]
[Site "NRW-Liga - Gruppe 2 2019/2020"]
[Date "2020.02.16"]
[Round "6.1"]
[White "Wittke, Rene"]
[Black "Dresen, Ulrich"]
[Result "1-0"]
[WhiteElo "2272"]
[BlackElo "2201"]
[PlyCount "81"]
[EventDate "2020.??.??"]
[SourceVersionDate "2020.03.16"]
[WhiteTeam "SF Lieme 1"]
[BlackTeam "SF Gerresheim 1"]

1. Nf3 d5 2. e3 Nf6 3. c4 c6 4. Nc3 e6 5. b3 Nbd7 6. Bb2 Bd6 7. Qc2 O-O 8. Be2
a6 9. Rg1 b5 10. g4 bxc4 11. bxc4 Rb8 12. g5 Ne4 13. Nd4 Qc7 14. Nxe4 dxe4 15.
Bc3 c5 16. Nb3 Bb7 17. h4 Be5 18. h5 Rfc8 19. Rc1 Bxc3 20. Qxc3 Qh2 21. Rg3
Qh1+ 22. Bf1 Qxh5 23. Bh3 Rc7 24. Bg4 Qxg5 25. Bxe6 Qe5 26. Bxd7 Qxc3 27. Rxc3
Rxd7 28. Rg5 Rc8 29. Nxc5 Rdc7 30. Nxb7 Rxb7 31. Re5 Rb2 32. Rxe4 Rxa2 33. c5
f5 34. Re5 Rd8 35. d4 Rb8 36. Kf1 g6 37. e4 fxe4 38. c6 Rbb2 39. c7 Rxf2+ 40.
Ke1 Rae2+ 41. Kd1 1-0

[Event "SF Gerresheim 1 - SF Lieme 1"]
[Site "NRW-Liga - Gruppe 2 2019/2020"]
[Date "2020.02.16"]
[Round "6.2"]
[White "Liedmann, Dennis"]
[Black "Niermann, Tristan"]
[Result "0-1"]
[WhiteElo "2096"]
[BlackElo "2230"]
[PlyCount "84"]
[EventDate "2020.??.??"]
[SourceVersionDate "2020.03.16"]
[WhiteTeam "SF Gerresheim 1"]
[BlackTeam "SF Lieme 1"]

1. d4 Nf6 2. Nf3 c5 3. e3 e6 4. Bd3 b6 5. b3 Bb7 6. Bb2 Be7 7. c4 O-O 8. Nc3
cxd4 9. exd4 d5 10. O-O Ne4 11. Qe2 f5 12. cxd5 exd5 13. Rac1 Nd7 14. Nb5 a6
15. Nc7 Bd6 16. Nxa8 Bxa8 17. Bxa6 Qb8 18. Bb5 Ndf6 19. Ne5 Ng4 20. Nxg4 fxg4
21. Qxg4 Bxh2+ 22. Kh1 Bf4 23. Rc2 Qd6 24. g3 Bxg3 25. fxg3 Nxg3+ 26. Kg1 Nxf1
27. Bxf1 h5 28. Qg5 Bb7 29. Rg2 Rf7 30. Qe5 Qh6 31. Rg5 h4 32. Bh3 Rf6 33. Qe8+
Rf8 34. Qe6+ Kh7 35. Bc1 Bc8 36. Qxd5 Qf6 37. Rh5+ Kg6 38. Qg2+ Kxh5 39. Qd5+
g5 40. Bg2 Qf2+ 41. Kh2 Qg3+ 42. Kh1 h3 0-1

[Event "SF Gerresheim 1 - SF Lieme 1"]
[Site "NRW-Liga - Gruppe 2 2019/2020"]
[Date "2020.02.16"]
[Round "6.3"]
[White "Himpenmacher, Andy"]
[Black "Van Lanen, Toon"]
[Result "1/2-1/2"]
[WhiteElo "2197"]
[BlackElo "2104"]
[PlyCount "83"]
[EventDate "2020.??.??"]
[SourceVersionDate "2020.03.16"]
[WhiteTeam "SF Lieme 1"]
[BlackTeam "SF Gerresheim 1"]

1. d4 d5 2. Bf4 c5 3. e3 Nc6 4. c3 Nf6 5. Nd2 Bf5 6. Ngf3 e6 7. Qb3 Qc8 8. Nh4
Bg6 9. Nxg6 hxg6 10. h3 Be7 11. Be2 O-O 12. O-O Rd8 13. a4 b6 14. Bf3 Qd7 15.
Rfe1 Rac8 16. Be2 Bd6 17. Bg5 Be7 18. Ba6 Rb8 19. Rad1 Qc7 20. Qa2 Ne8 21. Bxe7
Nxe7 22. Rc1 Qd6 23. Bf1 Nf6 24. Nf3 Rdc8 25. c4 Nc6 26. Qa3 Nb4 27. cxd5 exd5
28. b3 Rc7 29. Red1 Rbc8 30. a5 Qe7 31. dxc5 bxc5 32. Nd2 Ne4 33. Nxe4 Qxe4 34.
g3 Qf5 35. Rd2 Qe6 36. Bg2 Rd8 37. Rcd1 Rcd7 38. Rc1 Rc7 39. Rcd1 Qe5 40. Qc1
Kf8 41. h4 Kg8 42. Bf3 1/2-1/2

[Event "SF Gerresheim 1 - SF Lieme 1"]
[Site "NRW-Liga - Gruppe 2 2019/2020"]
[Date "2020.02.16"]
[Round "6.4"]
[White "Selten, Jan"]
[Black "Wolf, Andre"]
[Result "1/2-1/2"]
[WhiteElo "2054"]
[BlackElo "2144"]
[PlyCount "35"]
[EventDate "2020.??.??"]
[SourceVersionDate "2020.03.16"]
[WhiteTeam "SF Gerresheim 1"]
[BlackTeam "SF Lieme 1"]

1. e4 e5 2. Nf3 Nc6 3. Bc4 Nf6 4. Ng5 d5 5. exd5 Na5 6. d3 h6 7. Nf3 e4 8. Qe2
Nxc4 9. dxc4 Bc5 10. c3 O-O 11. Nd4 Re8 12. Be3 a6 13. h3 b5 14. Nd2 bxc4 15.
Qxc4 Qxd5 16. Nc2 Bd6 17. Qxd5 Nxd5 18. Nc4 1/2-1/2

[Event "SF Gerresheim 1 - SF Lieme 1"]
[Site "NRW-Liga - Gruppe 2 2019/2020"]
[Date "2020.02.16"]
[Round "6.5"]
[White "Stork, Holger"]
[Black "Koehler, Markus"]
[Result "1/2-1/2"]
[WhiteElo "2048"]
[BlackElo "2112"]
[PlyCount "66"]
[EventDate "2020.??.??"]
[SourceVersionDate "2020.03.16"]
[WhiteTeam "SF Lieme 1"]
[BlackTeam "SF Gerresheim 1"]

1. e4 c5 2. Nf3 Nc6 3. Bb5 g6 4. Bxc6 dxc6 5. d3 Bg7 6. h3 Nf6 7. Nc3 O-O 8.
Be3 Nd7 9. Qd2 e5 10. O-O Qe7 11. Nh2 Rd8 12. f4 exf4 13. Bxf4 Ne5 14. Nf3
Nxf3+ 15. Rxf3 c4 16. Bg5 f6 17. Be3 cxd3 18. cxd3 Be6 19. d4 f5 20. exf5 Bxf5
21. Rd1 Rd7 22. Kh1 Re8 23. Bf2 Qd8 24. Re3 Rxe3 25. Qxe3 Qe7 26. Qxe7 Rxe7 27.
d5 Bxc3 28. bxc3 cxd5 29. Rxd5 Re2 30. Bxa7 Rxa2 31. Bd4 Be4 32. Rg5 Kf7 33.
Kg1 Bc6 1/2-1/2

[Event "SF Gerresheim 1 - SF Lieme 1"]
[Site "NRW-Liga - Gruppe 2 2019/2020"]
[Date "2020.02.16"]
[Round "6.6"]
[White "Kuckling, Hannah"]
[Black "Schaffarczyk, Andre"]
[Result "0-1"]
[WhiteElo "2099"]
[BlackElo "2074"]
[PlyCount "106"]
[EventDate "2020.??.??"]
[SourceVersionDate "2020.03.16"]
[WhiteTeam "SF Gerresheim 1"]
[BlackTeam "SF Lieme 1"]

1. e4 c5 2. Nc3 Nc6 3. Bb5 Nd4 4. Bc4 e6 5. Nge2 Nf6 6. O-O a6 7. d3 b5 8. Bb3
Nxb3 9. axb3 Bb7 10. f4 d5 11. e5 d4 12. exf6 dxc3 13. fxg7 Bxg7 14. Nxc3 Bd4+
15. Kh1 f5 16. Qh5+ Kd7 17. Ne2 Rg8 18. Ng3 b4 19. c3 bxc3 20. bxc3 Bxc3 21.
Ra2 Bd4 22. Re2 Qf6 23. Be3 Bxe3 24. Rxe3 Bd5 25. Re2 Kd6 26. Rb1 Qd4 27. Qh6
Rg6 28. Qxh7 Rxg3 29. hxg3 Rh8 30. Qxh8 Qxh8+ 31. Kg1 Qd4+ 32. Kh2 Qxd3 33.
Reb2 Qd4 34. Ra2 Qd3 35. Rab2 a5 36. Ra1 Bxb3 37. Rxa5 c4 38. Ra6+ Kd5 39. Ra5+
Kd6 40. Re5 Qd4 41. Rb1 Qb6 42. Rc1 Qb4 43. Ra1 c3 44. Ra6+ Kc7 45. Ra7+ Kb6
46. Ra8 Qc4 47. Rb8+ Kc7 48. Rbb5 Kc6 49. Rb8 Kd6 50. Rb6+ Ke7 51. Rb7+ Kf6 52.
Ra5 c2 53. Raa7 Qd4 0-1

[Event "SF Gerresheim 1 - SF Lieme 1"]
[Site "NRW-Liga - Gruppe 2 2019/2020"]
[Date "2020.02.16"]
[Round "6.7"]
[White "Stork, Joachim"]
[Black "Finke, Tobias"]
[Result "0-1"]
[WhiteElo "1930"]
[BlackElo "2043"]
[PlyCount "112"]
[EventDate "2020.??.??"]
[SourceVersionDate "2020.03.16"]
[WhiteTeam "SF Lieme 1"]
[BlackTeam "SF Gerresheim 1"]

1. f4 g6 2. Nf3 Bg7 3. g3 b6 4. Bg2 Bb7 5. O-O c5 6. d3 d5 7. Qe1 Nf6 8. c3 O-O
9. Nbd2 Nc6 10. e4 dxe4 11. dxe4 e5 12. f5 Ba6 13. c4 Nd4 14. Nxd4 Qxd4+ 15.
Qf2 Ng4 16. Qxd4 exd4 17. Bf3 Ne3 18. Rf2 gxf5 19. exf5 Rad8 20. Ne4 Nxf5 21.
Ng5 Nd6 22. b3 d3 23. Bb2 Bh6 24. Bf6 Rde8 25. Rd1 Re3 26. Kg2 Bc8 27. g4 Ne8
28. Ne4 Bxg4 29. Be7 Bxf3+ 30. Rxf3 Rxe4 31. Bxf8 Kxf8 32. Rdxd3 Bg7 33. Rd7
Re7 34. Rd8 h6 35. a3 Bd4 36. b4 Kg7 37. b5 Nf6 38. Ra8 Ne4 39. Rd3 Nd6 40.
Rg3+ Kh7 41. Rgg8 Nxc4 42. a4 Nb2 43. Rge8 Rxe8 44. Rxe8 Nxa4 45. Re7 Kg6 46.
Rxa7 Nc3 47. Rb7 c4 48. Rc7 Nd5 49. Rc6+ Kg5 50. Kf3 Bc5 51. Ke4 Nc3+ 52. Ke5
Nxb5 53. h4+ Kh5 54. Kd5 c3 55. Rf6 c2 56. Rf1 Be3 0-1

[Event "SF Gerresheim 1 - SF Lieme 1"]
[Site "NRW-Liga - Gruppe 2 2019/2020"]
[Date "2020.02.16"]
[Round "6.8"]
[White "Sapkowski, Wieslaw"]
[Black "Hueck, Marvin Constantin"]
[Result "0-1"]
[WhiteElo "2009"]
[BlackElo "1851"]
[PlyCount "88"]
[EventDate "2020.??.??"]
[SourceVersionDate "2020.03.16"]
[WhiteTeam "SF Gerresheim 1"]
[BlackTeam "SF Lieme 1"]

1. e4 e6 2. d4 d5 3. exd5 exd5 4. Bd3 c5 5. c3 Nc6 6. Nf3 cxd4 7. cxd4 Nf6 8.
O-O Bg4 9. Re1+ Be7 10. Be3 O-O 11. Nbd2 Nb4 12. Bb1 a5 13. a3 Nc6 14. Qb3 a4
15. Qd3 Re8 16. Bc2 g6 17. Rac1 Qb6 18. Ne5 Qxb2 19. Nxg4 Nxg4 20. Ra1 Qb6 21.
Nf3 Nxe3 22. fxe3 Qa6 23. Qc3 Rec8 24. Bd3 Qa5 25. Qb2 b5 26. Qxb5 Rab8 27.
Qxa5 Nxa5 28. Ne5 Nb3 29. Ra2 Nc1 30. Ra1 Nb3 31. Ra2 Nc1 32. Ra1 Nxd3 33. Nxd3
Rc3 34. Nc5 Bg5 35. Nd7 Rb2 36. Nc5 Rcc2 37. Nxa4 Rxg2+ 38. Kh1 Rxh2+ 39. Kg1
Rbg2+ 40. Kf1 Rf2+ 41. Kg1 Rfg2+ 42. Kf1 Bh4 43. Nc5 Bf2 44. Nd3 Rg1+ 0-1

[Event "SK Königsspringer Iserlohn 1 - Klub K�"]
[Site "NRW-Liga - Gruppe 2 2019/2020"]
[Date "2020.02.16"]
[Round "6.1"]
[White "Strohhaeker, Raoul"]
[Black "Scheider, Julian"]
[Result "0-1"]
[WhiteElo "2424"]
[BlackElo "2291"]
[PlyCount "56"]
[EventDate "2020.??.??"]
[SourceVersionDate "2020.03.16"]
[WhiteTeam "Klub Kölner SF 1"]
[BlackTeam "SK Königsspringer Iserlohn 1"]

1. e4 c6 2. d4 d5 3. e5 Bf5 4. h4 Qc7 5. c4 e6 6. Nc3 h6 7. g4 Bh7 8. cxd5 cxd5
9. h5 a6 10. f4 Ne7 11. Be3 Nd7 12. Rc1 Nc6 13. a3 Nb6 14. Rh2 Be7 15. Nf3 Rd8
16. Rg2 Nc4 17. Bxc4 dxc4 18. g5 Bd3 19. gxh6 Rxh6 20. Rxg7 Rxh5 21. Rg8+ Kd7
22. Rxd8+ Qxd8 23. d5 Rh1+ 24. Bg1 exd5 25. Nxd5 Qa5+ 26. Nc3 Qb6 27. Ne2 Qe3
28. Rxc4 Bh4+ 0-1

[Event "SK Königsspringer Iserlohn 1 - Klub K�"]
[Site "NRW-Liga - Gruppe 2 2019/2020"]
[Date "2020.02.16"]
[Round "6.2"]
[White "Schmitz, Philipp"]
[Black "Morawietz, Dieter"]
[Result "1/2-1/2"]
[WhiteElo "2205"]
[BlackElo "2395"]
[PlyCount "98"]
[EventDate "2020.??.??"]
[SourceVersionDate "2020.03.16"]
[WhiteTeam "SK Königsspringer Iserlohn 1"]
[BlackTeam "Klub Kölner SF 1"]

1. e4 c5 2. Nf3 e6 3. Nc3 d6 4. d4 cxd4 5. Nxd4 Nf6 6. g4 h6 7. Bg2 Nc6 8. h3
a6 9. O-O Bd7 10. Be3 Qc7 11. Qd2 Rc8 12. Nxc6 Bxc6 13. a4 Be7 14. a5 Nd7 15.
Ne2 Bb5 16. Rfc1 Ne5 17. b3 Bxe2 18. Qxe2 O-O 19. c4 Bf6 20. Rd1 Nc6 21. Bb6
Qe7 22. Rac1 Be5 23. Qd2 g5 24. c5 dxc5 25. Bxc5 Qf6 26. Bxf8 Rxf8 27. Rxc6
bxc6 28. Qd3 Rb8 29. Qxa6 Rxb3 30. Qc8+ Kg7 31. Qd8 c5 32. Qxf6+ Kxf6 33. a6
Ra3 34. Bf1 Bd4 35. Rd3 Ra4 36. Rf3+ Ke7 37. Bb5 Ra5 38. Bc4 Ra4 39. Kg2 f6 40.
Rb3 Kd6 41. Rb6+ Ke5 42. Rxe6+ Kf4 43. Bd5 c4 44. e5 Bxe5 45. a7 Rxa7 46. Bxc4
Rc7 47. Bd3 Rd7 48. Bf5 Rd2 49. Re7 h5 1/2-1/2

[Event "SK Königsspringer Iserlohn 1 - Klub K�"]
[Site "NRW-Liga - Gruppe 2 2019/2020"]
[Date "2020.02.16"]
[Round "6.3"]
[White "Helbig, Mark"]
[Black "Schmuecker, Marcus"]
[Result "0-1"]
[WhiteElo "2288"]
[BlackElo "2192"]
[PlyCount "116"]
[EventDate "2020.??.??"]
[SourceVersionDate "2020.03.16"]
[WhiteTeam "Klub Kölner SF 1"]
[BlackTeam "SK Königsspringer Iserlohn 1"]

1. d4 Nf6 2. Nf3 e6 3. c4 b6 4. g3 c6 5. Bg2 Be7 6. O-O O-O 7. Nc3 d5 8. Ne5
Ba6 9. cxd5 cxd5 10. Bf4 Nfd7 11. Nxd5 exd5 12. Bxd5 Nxe5 13. dxe5 Bxe2 14.
Bxf7+ Rxf7 15. Qxe2 Nc6 16. Rfd1 Qe8 17. Qe4 Bc5 18. Rd5 Rd8 19. Rad1 Rfd7 20.
a3 a5 21. Kg2 Rxd5 22. Rxd5 Qe6 23. Rxd8+ Nxd8 24. b4 axb4 25. axb4 Bf8 26. b5
Qd7 27. Qc4+ Qf7 28. Qd3 Ne6 29. Be3 g5 30. Qe4 Bc5 31. Bxc5 Nxc5 32. Qg4 Qg6
33. Qc8+ Kg7 34. Qc7+ Kh6 35. h3 Qe6 36. f4 gxf4 37. gxf4 Qg6+ 38. Kf3 Qe4+ 39.
Kg3 Qxf4+ 40. Kg2 Qe4+ 41. Kg3 Qg6+ 42. Kh2 Ne4 43. Qc1+ Kg7 44. Qc7+ Kh8 45.
Qd8+ Qg8 46. Qh4 Qa2+ 47. Kg1 Qb1+ 48. Kg2 Qc2+ 49. Kh1 Qd1+ 50. Kg2 Qe2+ 51.
Kg1 Qe3+ 52. Kf1 Nd2+ 53. Kg2 Qf3+ 54. Kh2 Qe2+ 55. Kg3 Qe1+ 56. Kg4 Qxh4+ 57.
Kxh4 Nf3+ 58. Kg4 Nxe5+ 0-1